Statistics for US Metro Areas >500,000 People but <1,000,000 People (2020 Census)

Click here to take the quiz!

General Stats

  • This quiz has been taken 47 times
    (38 since last reset)
  • The average score is 39 of 54

Answer Stats

HintAnswer% Correct
611,000Augusta-Richmond County
95%
591,978Jackson
95%
585,784Spokane-Spokane Valley
95%
899,262Albany-Schenectady-Troy
91%
909,235Bakersfield
91%
870,569Baton Rouge
91%
764,718Boise City
91%
562,647Chattanooga
91%
868,859El Paso
91%
776,566Greensboro-High Point
91%
916,528Albuquerque
86%
755,105Colorado Springs
86%
709,466Des Moines-West Des Moines
86%
591,712Harrisburg-Carlisle
86%
748,031Little Rock-North Little Rock-Conway
86%
680,796Madison
86%
967,604Omaha-Council Bluffs
86%
646,604Toledo
86%
647,610Wichita
86%
799,636Charleston-North Charleston
82%
829,470Columbia
82%
814,049Dayton
82%
879,773Knoxville
82%
516,811Lexington-Fayette
82%
675,966Winston-Salem
82%
702,219Akron
77%
541,297Lansing-East Lansing
77%
699,162Springfield
77%
928,195Greenville-Anderson
73%
779,233Stockton
73%
662,057Syracuse
73%
978,529Worcester
73%
957,419Bridgeport-Stamford-Norwalk
68%
864,835New Haven-Milford
68%
551,740Portland-South Portland
68%
567,559Scranton-Wilkes-Barre
68%
861,889Allentown-Bethlehem-Easton
64%
760,822Cape Coral-Ft. Myers
64%
649,903Durham-Chapel Hill
64%
520,378Fayetteville
64%
694,863Ogden-Clearfield
64%
546,725Fayetteville-Springdale-Rogers
59%
870,781McAllen-Edinburg-Mission
59%
509,905Pensacola-Ferry Pass-Brent
59%
671,185Provo-Orem
59%
725,046Lakeland-Winter Haven
55%
541,243Youngstown-Warren-Boardman
55%
552,878Modesto
45%
843,843Oxnard-Thousand Oaks-Ventura
45%
552,984Lancaster
36%
606,612Palm Bay-Melbourne-Titusville
36%
697,221Poughkeepsie-Newburgh-Middletown
36%
668,921Deltona-Daytona Beach-Ormond Beach
23%
833,716North Port-Sarasota-Bradenton
23%

Score Distribution

Percentile by Number Answered

Percent of People with Each Score

Your Score History

You have not taken this quiz since the last reset